Divorcio: orden público y matrimonio canónico. Eficacia en España de las sentencias extranjeras de divorcio

Αποθηκεύτηκε σε:
Λεπτομέρειες βιβλιογραφικής εγγραφής
Κύριος συγγραφέας: Navarro-Valls, Rafael (autor)
Μορφή: Βιβλίο
Γλώσσα:Ισπανικά
Έκδοση: Madrid Montecorvo 1972
Σειρά:Monografías. Colección de Estudios Jurídicos
Θέματα:
Ετικέτες: Προσθήκη ετικέτας
Δεν υπάρχουν, Καταχωρήστε ετικέτα πρώτοι!

MARC

LEADER 00000nam a2200000 a 4500
001 UCL4037
003 CL-VaPUC
008 031219e19720000SP |||||||||||||||||spa|d
082 0 4 |a 262.933  |b NAV  |2 21 
100 |a Navarro-Valls, Rafael  |e autor  |9 475788 
245 1 0 |a Divorcio: orden público y matrimonio canónico. Eficacia en España de las sentencias extranjeras de divorcio 
300 |a 270 p 
942 |c BK 
945 |d 20031219 00:00:00  |a cmena 
260 |a Madrid  |b Montecorvo  |c 1972 
650 7 |a DERECHO CANONICO  |2 CL-VaPUC  |9 481516 
650 7 |a MATRIMONIO  |2 CL-VaPUC  |9 481517 
650 0 |a Divorcio  |9 256204 
650 0 |a Sacramentos   |9 257270 
650 0 |a Derecho comparado  |9 255664 
583 |a last modification  |c 20031219 00:00:00  |k Rodrigo Vera 
490 0 |a Monografías. Colección de Estudios Jurídicos 
999 |c 306991  |d 306989 
952 |0 0  |1 0  |4 0  |6 262_933000000000000_NAV_1972  |7 0  |8 A  |9 372453  |a BIBDER  |b BIBDER  |d 2019-11-21  |i 3929078  |o 262.933 NAV 1972  |p 3929078  |r 2023-01-25  |w 2019-11-21  |y BK  |k DER